000 00683nam a2200217 i 4500
001 C2-0237194
003 PPAK
005 20180727200752.0
008 011204s1995 io |||| ||||| | may d
040 _aPPAK
_beng
_cPPAK
_erda
082 0 4 _a899.221
_223
090 0 0 _a899.221
_bSAS
_dKIH
245 0 0 _aSastrawan Indonesia Pemenang Hadiah Sastra Asean
_bThe S.E.A. Write Award Bangkok, Thailand 1978-1995
264 1 _aJakarta, Indonesia :
_bPusat Pembinaan dan Pengembangan Bahasa ,
_c1995
300 _a18 pages ;
_c21 cm
336 _2rdacontent
_atext
337 _2rdamedia
_aunmediated
338 _2rdacarrier
_avolume
650 1 0 _aLiterature - Indonesia
942 _ddc
_cB
999 _c52889
_d52889